Name the Batman Actors - Statistics

General Stats
  • This quiz has been taken 42 times
  • The average score is 7 of 13
Answer Stats
Appearances Actor % Correct
Batman Begins, The Dark Knight, The Dark Knight Rises Christian Bale
100%
Batman (1966 and TV show) Adam West
89%
Batman and Robin (1997), The Flash George Clooney
89%
Batman (1989), Batman Returns, The Flash Michael Keaton
89%
Batman v Superman, Suicide Squad, Justice League, Zack Snyder's Justice League, The Flash Ben Affleck
84%
The Batman (2022) Robert Pattinson
78%
Batman Forever Val Kilmer
78%
Crisis on Infinite Earths (CW) Kevin Conroy
27%
Gotham (TV show) David Mazouz
19%
Batman (1943) Lewis Wilson
16%
Batman and Robin (1949) Robert Lowery
16%
Titans (TV show) Iain Glen
5%
Batwoman (TV show) Warren Christie
3%
No matching quizzes found
Score Distribution
Percent of People with Each Score
Percentile by Number Answered
Your Score History
You have not taken this quiz